• 首页
  • 本馆介绍
  • 公告通知
  • 最新文献
  • 馆藏检索
  • 电子资源
  • 读者导购
  • 参考咨询
  • 我的图书馆
  • 登录
  • 详细信息显示
  • 放入我的书架
  • 预约/预借图书
  • 作者相关作品
  • 分类相关作品
  • 丛书相关作品
  • 出版社相关作品

书目信息

  • 表格格式
  • 工作单格式
  • 卡片格式
题名:
香草续校书
    
 
作者: 于鬯 著
分册: 上  
出版信息: 北京   中华书局  1963
页数: 312页
开本: 19cm
丛书名:
单 册:
中图分类: Z126.25
科图分类:
主题词: 经籍--校勘 , 经籍--音义
电子资源:
ISBN:
000 00540nam0 2200205 45
001 0405181799
005 20050510084158.1
010    @dCNY2.00
100    @a20040518d1963 km y0chiy0120 ea
101 0  @achi
105    @a z 000yy
200 1  @a香草续校书@AXiang Cao Xu Xiao Shu@h上@f(清)于鬯著@F(Qing)Yu Chang Zhu
210    @a北京@c中华书局@d1963
215    @a312页@d19cm
606 0  @a经籍@x校勘
606 0  @a经籍@x音义
690    @aZ126.25@v3
701  0 @a于鬯@4著
801    @aCN@bTSTCL@c20040518
905    @dZ126.25@e17:21@b136711@f1
    
    香草续校书.上/(清)于鬯著.-北京:中华书局,1963
    312页;19cm
    
    
    ISBN :CNY2.00
    
●
相关链接 在E读中查询图书 在五车中查询图书 在当当中查询图书 在豆瓣中查询图书


正题名:香草续校书     索取号:Z126.25/17:21         预约/预借

序号 登录号 条形码 馆藏地/架位号 状态 备注
1 0136709   001468860   第三借阅区/ [索取号:Z126.25/17:21] 在馆    
2 0136710   202451480   第二样本阅览室/ [索取号:Z126.25/17:21] 在馆    
3 0136711   002023429   第三借阅区/ [索取号:Z126.25/17:21] 在馆    
唐山师范学院图书馆 欢迎您!
大连网信软件有限公司© 版权所有